| 000 | 00684nam a22002177a 4500 | ||
|---|---|---|---|
| 003 | UA-OsUOA | ||
| 001 | 54210 | ||
| 007 | ta | ||
| 008 | 20170524b un ||||| |||| 00| 0 ukr d | ||
| 090 | _a27(477) | ||
| 942 | _cBR | ||
| 040 |
_aUA-OsUOA _beng _cUA-OsUOA _dUA-OsUOA |
||
| 245 |
_aCrusage for a Christian Civilization _bGold, Morning, and Blood Ukraine: A Tragedy Without Frontiers |
||
| 300 | _a24 p. | ||
| 955 | _a4 | ||
| 041 | _aeng | ||
| 080 | _a27(477) | ||
| 650 | 7 |
_a27 Загальна історія Християнської церкви _2UDC |
|
| 999 |
_c434328 _d434328 |
||